Vysšaja matematika : Differenciaľnyje uravnenija. Operacionnoje isčislenije. Riady i ich priloženija. Ustojčivosť po Ľapunovu. Uravlenija matematičeskoj fiziki. Optimalizacija i upravlenije. Teorija verojatnostej. Čislennyje metody

Uložené v:
Podrobná bibliografia
Médium: Kniha
Jazyk:Russian
Vydavateľské údaje: Kijev : Vyšča škola, 1981
Tagy: Pridať tag
Žiadne tagy, Buďte prvý, kto otaguje tento záznam!

MARC

LEADER 00000nam a22000003a 4500
001 stu90054
005 20141122150318.7
008 040910s1981------------------------rus-d
040 |a STU  |b slo 
041 0 |a rus 
080 |a 517+519.2/.6 
245 |a Vysšaja matematika :  |b Differenciaľnyje uravnenija. Operacionnoje isčislenije. Riady i ich priloženija. Ustojčivosť po Ľapunovu. Uravlenija matematičeskoj fiziki. Optimalizacija i upravlenije. Teorija verojatnostej. Čislennyje metody 
260 |a Kijev :  |b Vyšča škola,  |c 1981 
996 |b E48096  |c E*48096  |l EE03  |s P  |a 0  |w stu90054_0001